Statistiques concernant Meilleurs pointeurs de l'histoire des Blue J. de Columbus

Cliquez ici pour prendre le quiz!

Statistiques générales

  • Ce quiz a été pris 4 fois
  • Le résultat moyen est 21 sur 50

Statistiques - réponses

Rang Joueur PTS % Correct
13Artemi Panarin169
100%
15Seth Jones165
100%
31Pierre-Luc Dubois109
100%
8Ryan Johansen193
75%
19David Savard149
75%
2Cam Atkinson342
75%
1Rick Nash547
75%
16Jack Johnson154
75%
20Scott Hartnell146
50%
33Espen Knutsen108
50%
26Rostislav Klesla133
50%
28James Wisniewski121
50%
27Zach Werenski128
50%
34Brandon Saad106
50%
14Geoff Sanderson168
50%
6Brandon Dubinsky225
50%
7Boone Jenner199
50%
5R.J. Umberger250
50%
4Nick Foligno287
50%
3David Vyborny317
50%
30Josh Anderson111
50%
9Fedor Tyutin185
50%
12Derick Brassard169
50%
11Alexander Wennberg179
50%
10Nikolay Zherdev181
50%
38Andrew Cassels94
25%
39Mike Sillinger86
25%
41Vinny Prospal85
25%
48Derek Dorsett65
25%
37Oliver Bjorkstrand97
25%
50Jared Boll62
25%
47Jan Hejda67
25%
45Jaroslav Spacek72
25%
43Ron Hainsey83
25%
44Kris Russell79
25%
42Artem Anisimov84
25%
25Jakub Voracek134
25%
22Kristian Huselius142
25%
21Manny Malhotra145
25%
18Matt Calvert149
25%
17Antoine Vermette152
25%
36Ryan Murray101
25%
23Ray Whitney140
25%
35Mark Letestu102
25%
24Jason Chimera136
25%
32Tyler Wright108
25%
29Sergei Fedorov113
25%
49Dan Fritsche63
0%
40Freddy Modin85
0%
46Derek MacKenzie69
0%

Distribution des résultats

Percentile by Number Answered

% des personnes avec chaque résultat

Votre développement - résultats

Vous n’avez pas pris ce quiz